<?xml version="1.0" encoding="UTF-8"?>
<record
    xmlns:xsi="http://www.w3.org/2001/XMLSchema-instance"
    xsi:schemaLocation="http://www.loc.gov/MARC21/slim http://www.loc.gov/standards/marcxml/schema/MARC21slim.xsd"
    xmlns="http://www.loc.gov/MARC21/slim">

  <leader>01223cam a22002654a 4500</leader>
  <controlfield tag="001">12417073</controlfield>
  <controlfield tag="005">20221206132224.0</controlfield>
  <controlfield tag="008">010522s1999    cau           000 0 eng  </controlfield>
  <datafield tag="010" ind1=" " ind2=" ">
    <subfield code="a">  2001003028</subfield>
  </datafield>
  <datafield tag="020" ind1=" " ind2=" ">
    <subfield code="a">1577311957 (alk. paper)</subfield>
  </datafield>
  <datafield tag="040" ind1=" " ind2=" ">
    <subfield code="a">DLC</subfield>
    <subfield code="c">DLC</subfield>
    <subfield code="d">DLC</subfield>
  </datafield>
  <datafield tag="042" ind1=" " ind2=" ">
    <subfield code="a">pcc</subfield>
  </datafield>
  <datafield tag="050" ind1="0" ind2="0">
    <subfield code="a">BL624</subfield>
    <subfield code="b">.T645 1999</subfield>
  </datafield>
  <datafield tag="082" ind1="0" ind2="0">
    <subfield code="a">204.4,TOL</subfield>
    <subfield code="2">21</subfield>
  </datafield>
  <datafield tag="100" ind1="1" ind2=" ">
    <subfield code="a">Tolle, Eckhart,</subfield>
    <subfield code="d">1948-</subfield>
    <subfield code="9">11089</subfield>
  </datafield>
  <datafield tag="245" ind1="1" ind2="0">
    <subfield code="a">Practicing the power of now :</subfield>
    <subfield code="b">essential teachings, meditations, and exercises from The power of now / </subfield>
    <subfield code="c">Eckhart Tolle.</subfield>
  </datafield>
  <datafield tag="260" ind1=" " ind2=" ">
    <subfield code="a">Novato, Calif. :</subfield>
    <subfield code="b">New World Library ;</subfield>
    <subfield code="a">[Berkly, CA] :</subfield>
    <subfield code="b">Distributed to the trade by Publishers Group West,</subfield>
    <subfield code="c">c1999</subfield>
    <subfield code="g">(2001 printing).</subfield>
  </datafield>
  <datafield tag="300" ind1=" " ind2=" ">
    <subfield code="a">142 p. ;</subfield>
    <subfield code="c">19 cm.</subfield>
  </datafield>
  <datafield tag="505" ind1="0" ind2=" ">
    <subfield code="a">Introduction by Eckhart Toll (Page-1), Part One: Accessing the power of now (Page-7), Part II: Relationship as Spritual Practice (Page-65), Part III: Acceptance and Surrender (Page-95), </subfield>
  </datafield>
  <datafield tag="650" ind1=" " ind2="0">
    <subfield code="a">Spiritual life.</subfield>
  </datafield>
  <datafield tag="700" ind1="1" ind2=" ">
    <subfield code="a">Tolle, Eckhart,</subfield>
    <subfield code="d">1948-</subfield>
    <subfield code="t">Power of now.</subfield>
    <subfield code="9">104252</subfield>
  </datafield>
  <datafield tag="906" ind1=" " ind2=" ">
    <subfield code="a">7</subfield>
    <subfield code="b">cbc</subfield>
    <subfield code="c">orignew</subfield>
    <subfield code="d">1</subfield>
    <subfield code="e">ecip</subfield>
    <subfield code="f">20</subfield>
    <subfield code="g">y-gencatlg</subfield>
  </datafield>
  <datafield tag="942" ind1=" " ind2=" ">
    <subfield code="2">ddc</subfield>
    <subfield code="c">BK</subfield>
    <subfield code="k">204.4,TOL</subfield>
  </datafield>
  <datafield tag="999" ind1=" " ind2=" ">
    <subfield code="c">592608</subfield>
    <subfield code="d">592608</subfield>
  </datafield>
  <datafield tag="952" ind1=" " ind2=" ">
    <subfield code="0">0</subfield>
    <subfield code="1">0</subfield>
    <subfield code="2">ddc</subfield>
    <subfield code="4">0</subfield>
    <subfield code="7">0</subfield>
    <subfield code="a">MCS</subfield>
    <subfield code="b">MCS</subfield>
    <subfield code="c">GEN</subfield>
    <subfield code="d">2022-12-06</subfield>
    <subfield code="l">1</subfield>
    <subfield code="o">204.4,TOL</subfield>
    <subfield code="p">MCS37894</subfield>
    <subfield code="r">2023-03-06</subfield>
    <subfield code="s">2023-02-28</subfield>
    <subfield code="w">2022-12-06</subfield>
    <subfield code="y">BK</subfield>
    <subfield code="z">Almirah No.46, Shelf No.6</subfield>
  </datafield>
</record>
